[Event "Euro Online U2300 Day 1"]
[Site "chess.com INT"]
[Date "2020.05.25"]
[Round "4"]
[White "Plaskan, Jure"]
[Black "Schitco, Ivan"]
[Result "1/2-1/2"]
[BlackTitle "IM"]
[WhiteElo "2175"]
[BlackElo "2467"]
[WhiteFideId "14605252"]
[BlackFideId "13905465"]
[EventDate "2020.05.25"]

1. e4 e5 2. Nf3 Nc6 3. Bb5 a6 4. Ba4 d6 5. O-O Bd7 6. c3 g6 7. d4 Bg7 8. Bb3 Nf6
9. Re1 O-O 10. h3 Qe7 11. Nbd2 Rae8 12. Nf1 Qd8 13. Ng3 h6 14. dxe5 Nxe5 15.
Nxe5 dxe5 16. Be3 Qe7 17. Qd2 Kh7 18. Rad1 Bc6 19. f3 a5 20. Qf2 b6 21. a3 a4
22. Ba2 Rd8 23. c4 Nd7 24. Ne2 Nc5 25. Bb1 Rxd1 26. Rxd1 Ne6 27. Nc3 Rd8 28. Nd5
Qf8 29. h4 h5 30. Bc2 Rd7 31. Nb4 Rxd1+ 32. Bxd1 Be8 33. Qd2 Bh6 34. Nd5 Bxe3+
35. Qxe3 Kg7 36. Nc3 Qd6 37. Kf2 Nc5 38. Bc2 Bc6 39. Nd5 Bxd5 40. exd5 Qf6 41.
Qg5 Qf4 42. Qxf4 exf4 43. g3 fxg3+ 44. Kxg3 f6 45. Kf4 Kh6 46. Kg3 g5 47. Kh3
Kg7 48. Kg3 Kf7 49. Kh3 Ke7 50. Kg3 Kd6 51. f4 g4 52. Bg6 Ke7 53. Bxh5 f5 54.
Bg6 Kf6 55. Be8 Nd3 56. Bxa4 Nxb2 57. Bb5 Nd3 58. a4 Nc5 59. Be8 Ke7 60. Bg6
Ne4+ 61. Kg2 Nd6 62. h5 Kf6 63. c5 bxc5 64. a5 c4 65. a6 Nc8 66. Be8 c3 67. Ba4
Kg7 68. Kg3 Kh6 69. Kh4 Na7 70. Bc2 g3 71. Kxg3 Kxh5 72. Bxf5 Kh6 73. Kg4 Kg7
74. Kg5 Kf7 75. Bc2 c6 76. dxc6 Nxc6 77. f5 Ke7 78. Kg6 Kf8 79. Kf6 Na7 80. Ke6
Nb5 81. Kd5 Nc7+ 82. Kc4 Nxa6 83. Kxc3 Nc5 84. Kd4 Nd7 85. Kd5 Nf6+ 86. Ke6 Kg7
87. Bd3 Ng8 1/2-1/2

[Event "Euro Online U2300 Day 1"]
[Site "chess.com INT"]
[Date "2020.05.25"]
[Round "4"]
[White "Melia, Salome"]
[Black "Grutter, Tim"]
[Result "0-1"]
[WhiteTitle "IM"]
[WhiteElo "2370"]
[BlackElo "2253"]
[WhiteFideId "13602446"]
[BlackFideId "1057472"]
[EventDate "2020.05.25"]

1. e4 c5 2. Nf3 Nc6 3. Bb5 Nf6 4. Bxc6 dxc6 5. d3 Bg4 6. O-O Nd7 7. Be3 e5 8.
Nbd2 Bd6 9. h3 Bh5 10. a4 O-O 11. Qb1 Re8 12. a5 f6 13. Nc4 Bc7 14. Nfd2 Bf7 15.
b4 cxb4 16. Qxb4 b6 17. axb6 axb6 18. Nd6 Qe7 19. N2c4 Rxa1 20. Rxa1 b5 21. Ra7
Bb8 22. Rxd7 Qxd7 23. Nxe8 Qxe8 24. Na5 Bc7 25. Nb3 Bxb3 26. Qxb3+ Qf7 27. Qa3
Qd7 28. Qa2+ Kf8 29. Bc5+ Bd6 30. Qa8+ Kf7 31. Bb6 Be7 32. Qa2+ Qe6 33. Qa7 Qd6
34. g3 Qa3 35. Qxa3 Bxa3 36. Kg2 Ke6 37. f4 g6 38. Kf3 h5 39. Bf2 Kd6 40. f5 g5
41. g4 h4 42. Ke2 Bc5 43. Be1 Bb6 44. Bd2 c5 45. Kd1 Kc6 46. Kc1 c4 47. dxc4
bxc4 48. Kb2 Kb5 49. Ka3 Bc5+ 50. Ka2 Bb4 51. Bc1 Ka4 52. Be3 c3 53. Bb6 Be7 54.
Be3 Kb4 55. Kb1 Kc4 56. Bb6 Kb5 57. Ba7 Kc4 58. Kc1 Bc5 59. Bb8 Be3+ 60. Kd1 Kd4
61. Bd6 Kxe4 62. Be7 Kf3 63. Bxf6 Bd4 64. Bxg5 e4 65. f6 e3 66. Bxe3 Kxe3 67. g5
Kf4 68. f7 Bg7 69. Ke2 Kxg5 70. Kf3 Kg6 71. Kg4 Kxf7 72. Kxh4 Ke6 73. Kg3 Kd5
74. Kf3 Kd4 75. Ke2 Ke4 76. h4 Bh6 77. h5 Be3 78. Kd1 Kf3 79. Ke1 Bh6 80. Kd1
Bd2 81. h6 Bxh6 82. Ke1 Ke3 83. Kd1 Kd4 84. Ke2 Bd2 85. Kd1 Kc4 86. Ke2 Kb4 87.
Kd1 Ka3 0-1

[Event "Euro Online U2300 Day 1"]
[Site "chess.com INT"]
[Date "2020.05.25"]
[Round "4"]
[White "Hadzimanolis, Antonios"]
[Black "Abdrlauf, Elham"]
[Result "1/2-1/2"]
[WhiteTitle "FM"]
[BlackTitle "FM"]
[WhiteElo "2214"]
[BlackElo "2362"]
[WhiteFideId "4202813"]
[BlackFideId "1533533"]
[EventDate "2020.05.25"]

1. e4 c6 2. d4 d5 3. exd5 cxd5 4. Bd3 Nf6 5. h3 g6 6. Nf3 Bg7 7. O-O O-O 8. Bf4
Nc6 9. c3 Bf5 10. Re1 Rc8 11. Ne5 Bxd3 12. Qxd3 Nxe5 13. Bxe5 e6 14. Nd2 a6 15.
Re3 Nd7 16. Bxg7 Kxg7 17. Nf3 b5 18. a4 Qb6 19. b4 Rc7 20. axb5 axb5 21. Ra5 Rb8
22. Nd2 Rbc8 23. Qxb5 Qxb5 24. Rxb5 Rxc3 25. Rb7 R3c7 26. Rb5 Rc1+ 27. Kh2 R1c2
28. Rd3 Rb2 29. Rb7 Nf6 30. Nf3 Ne4 31. Ne5 Rxf2 32. Rf3 Rxf3 33. gxf3 Rc2+ 34.
Kg1 Nd6 35. Rd7 Nf5 36. Nxf7 Nxd4 37. Ng5+ Kf6 38. Nxh7+ Ke5 39. Rf7 Rb2 40. Ng5
Rxb4 41. f4+ Kd6 42. Rf6 Rb1+ 43. Kf2 Rb2+ 44. Kf1 Rb1+ 45. Kf2 Rb2+ 46. Ke3
Nf5+ 47. Kd3 Rb3+ 48. Kd2 Nd4 49. Rxg6 Nf3+ 50. Kc2 Nd4+ 51. Kd1 Ke7 52. h4 Rd3+
53. Ke1 Rg3 54. h5 Rg4 55. Rg7+ Kd6 56. Nf7+ Ke7 57. Rxg4 Kxf7 58. Kf2 Nf5 59.
Rg1 Kf6 60. Rg6+ Kf7 61. Rg2 Kf6 62. Rg1 Kf7 63. Kf3 Kf6 64. Kg4 Nh6+ 65. Kf3
Nf5 66. Re1 Kf7 67. Ra1 Kg7 68. Ra6 Kf6 69. Rb6 Kg7 70. Kg4 Kf6 71. Ra6 Nh6+ 72.
Kg3 Nf5+ 73. Kf3 Kg7 74. Ra7+ Kf6 75. Rb7 Nh6 76. Rh7 Nf5 77. Rh8 Kg7 78. Re8
Kf7 79. Ra8 Kf6 80. Kg4 Nh6+ 81. Kf3 Nf5 82. Rb8 Nh6 83. Rb6 Nf5 84. Ra6 Kg7 85.
Kg4 Kf6 1/2-1/2

[Event "Euro Online U2300 Day 1"]
[Site "chess.com INT"]
[Date "2020.05.25"]
[Round "4"]
[White "Ivic, Velimir"]
[Black "Levin, Guy"]
[Result "1/2-1/2"]
[WhiteTitle "GM"]
[WhiteElo "2548"]
[BlackElo "2213"]
[WhiteFideId "950122"]
[BlackFideId "2824213"]
[EventDate "2020.05.25"]

1. e4 c5 2. Nf3 d6 3. d4 cxd4 4. Nxd4 Nf6 5. Nc3 a6 6. Be2 e5 7. Nf3 Be7 8. Bg5
Nbd7 9. a4 b6 10. Bc4 Bb7 11. Qe2 O-O 12. O-O h6 13. Bxf6 Nxf6 14. Rfd1 Qc7 15.
Nd5 Nxd5 16. Bxd5 Bxd5 17. Rxd5 Rac8 18. c3 Qc4 19. Qc2 f5 20. Nd2 Qc6 21. Qd3
fxe4 22. Nxe4 Qc4 23. Qxc4 Rxc4 24. f3 Rc6 25. Kf1 Kf7 26. b3 Ke6 27. c4 Rb8 28.
Nc3 Bf6 29. Rad1 g6 30. Ke2 Be7 31. R1d3 Rb7 32. Ke3 Bg5+ 33. Ke2 Bc1 34. Ne4
Ba3 35. g3 Rf7 36. h4 Bb4 37. Rd1 Bc5 38. Rf1 Bd4 39. f4 Bb2 40. Rf3 Bd4 41. Kd3
Rf5 42. g4 Rf7 43. Ke2 Bb2 44. fxe5 Rxf3 45. Kxf3 Bxe5 46. h5 gxh5 47. gxh5 Rc7
48. Rd1 Rf7+ 49. Ke3 Rf5 50. Rh1 Ke7 51. Ke2 Ke6 52. Nd2 Rg5 53. Kf3 Rf5+ 54.
Ke2 Rg5 55. Kf2 Rf5+ 56. Nf3 Kd7 57. Ke3 Kc6 58. b4 b5 59. cxb5+ axb5 60. a5 Kb7
61. Rg1 Rxh5 62. Rg6 Bc3 63. Rxd6 Bxb4 64. a6+ Ka7 65. Re6 Bc5+ 66. Ke4 Bb6 67.
Ne5 Kxa6 68. Nd7 b4 69. Nxb6 Kb5 70. Nd5 Rh4+ 71. Kd3 Rh3+ 72. Kc2 Rh2+ 73. Kb3
Rh3+ 74. Kc2 Kc4 75. Ne3+ Kd4 76. Rd6+ Kc5 77. Rd5+ Kc6 78. Re5 Kd6 79. Nc4+ Kc6
80. Kb2 h5 81. Rg5 h4 82. Ne5+ Kd5 83. Nd3+ Kc4 84. Ne5+ Kd5 85. Nf3+ Ke4 86.
Nxh4 Rxh4 87. Kb3 Kf4 88. Rb5 Kg3 89. Rxb4 Rxb4+ 90. Kxb4 1/2-1/2

[Event "Euro Online U2300 Day 1"]
[Site "chess.com INT"]
[Date "2020.05.25"]
[Round "4"]
[White "Yakimova, Mariya"]
[Black "Iustin, Silviu"]
[Result "1/2-1/2"]
[WhiteTitle "WFM"]
[WhiteElo "2269"]
[BlackElo "1998"]
[WhiteFideId "34188859"]
[BlackFideId "1237071"]
[EventDate "2020.05.25"]

1. d4 Nf6 2. c4 g6 3. g3 Bg7 4. Nf3 O-O 5. Bg2 d6 6. O-O Nc6 7. Nc3 e5 8. d5 Ne7
9. e4 Ne8 10. Ne1 f5 11. exf5 gxf5 12. f4 Ng6 13. fxe5 dxe5 14. Nd3 Nf6 15. Bg5
h6 16. Be3 Bd7 17. Qd2 Ng4 18. Bc5 Rf7 19. h3 Nf6 20. Rae1 e4 21. Nf4 Nxf4 22.
gxf4 Kh7 23. Kh2 Nh5 24. Qf2 Bf6 25. Qe2 Nxf4 26. Rxf4 Be5 27. Rf1 Qh4 28. Be3
Rg8 29. Kh1 Bxf4 30. Rxf4 Qg3 31. Qf2 Rfg7 32. Nxe4 Qxg2+ 33. Qxg2 Rxg2 34. Nf6+
Kg7 35. Nxd7 Rg3 36. Bd4+ Kf7 37. Ne5+ Ke7 38. Rf3 Rxf3 39. Nxf3 Rg3 40. Ne5 h5
41. Kh2 Rg8 42. Nf3 b6 43. Be5 Kd7 44. h4 Rg4 45. b3 Re4 46. Kg3 Re2 47. Kf4
Rxa2 48. Kxf5 Ra3 49. Nd4 a5 50. Kg5 a4 51. bxa4 Rxa4 52. Kxh5 Rxc4 53. Ne6 b5
54. Kg5 b4 55. h5 Rc2 56. h6 b3 57. h7 Rg2+ 58. Kf4 Rh2 59. h8=Q Rxh8 60. Bxh8
c6 61. Nc5+ Kd6 62. Nxb3 Kxd5 63. Ke3 Kc4 64. Nd2+ Kc5 65. Kd3 Kd5 66. Kc3 Kc5
67. Nb3+ Kd5 68. Bd4 Kd6 69. Kc4 Kd7 70. Kc5 Kc7 71. Na5 Kd7 72. Nxc6 Ke6 73.
Bb2 Kf5 74. Kd5 Kf4 75. Nd4 Ke3 76. Ba3 Kf4 77. Bc1+ Kg3 78. Ke4 Kf2 79. Be3+
Kg3 80. Ne2+ Kg2 81. Nf4+ Kg3 82. Nd5 Kg4 83. Nf6+ Kg3 84. Nd5 Kg2 85. Kf4 Kf1
86. Kf3 Ke1 87. Nf4 Kf1 88. Ke4 Ke1 89. Kd3 Kf1 90. Bd4 Ke1 91. Ne2 Kf1 92. Be3
Kg2 93. Ke4 Kf1 94. Kf3 Ke1 95. Nc3 Kf1 96. Ne4 Ke1 97. Nd2 Kd1 98. Ke4 Kc2 99.
Kd4 Kd1 100. Kd3 Ke1 101. Bd4 Kd1 102. Nf3 Kc1 103. Kc3 Kd1 104. Kd3 Kc1 105.
Be3+ Kd1 106. Bf4 1/2-1/2

[Event "Euro Online U2300 Day 1"]
[Site "chess.com INT"]
[Date "2020.05.25"]
[Round "5"]
[White "Fedorov, Evgueny"]
[Black "Czernek, Tymon"]
[Result "1-0"]
[WhiteTitle "FM"]
[WhiteElo "2236"]
[BlackElo "2199"]
[WhiteFideId "4188004"]
[BlackFideId "1199510"]
[EventDate "2020.05.25"]

1. e4 c5 2. Nf3 d6 3. d4 cxd4 4. Nxd4 Nf6 5. Nc3 a6 6. h3 e5 7. Nde2 Be6 8. g4
Be7 9. Bg2 b5 10. Ng3 b4 11. Nd5 Bxd5 12. exd5 Nbd7 13. g5 Ng8 14. h4 Nc5 15.
Be3 h6 16. Bxc5 dxc5 17. d6 Rc8 18. dxe7 Qxe7 19. Nf5 1-0

[Event "Euro Online U2300 Day 1"]
[Site "chess.com INT"]
[Date "2020.05.25"]
[Round "5"]
[White "Yordanov, Lachezar"]
[Black "Hakobyan, Hakob V."]
[Result "1/2-1/2"]
[WhiteTitle "FM"]
[WhiteElo "2307"]
[BlackElo "2070"]
[WhiteFideId "2918927"]
[BlackFideId "13308807"]
[EventDate "2020.05.25"]

1. d4 d5 2. c4 c6 3. cxd5 cxd5 4. Bf4 Nf6 5. e3 Nc6 6. Nc3 Bf5 7. Qb3 Na5 8.
Bb5+ Bd7 9. Qa4 Nc6 10. Qd1 a6 11. Bd3 Nb4 12. Bb1 e6 13. a3 Nc6 14. Nf3 Be7 15.
h3 O-O 16. O-O Rc8 17. Ne5 b5 18. Nxc6 Bxc6 19. Bd3 Ne4 20. Rc1 Bb7 21. Nxe4
dxe4 22. Rxc8 Qxc8 23. Bb1 Bd5 24. Qd2 Qb7 25. Rc1 Rc8 26. Rxc8+ Qxc8 27. Qc2
Qxc2 28. Bxc2 1/2-1/2

[Event "Euro Online U2300 Day 1"]
[Site "chess.com INT"]
[Date "2020.05.25"]
[Round "5"]
[White "Poghosyan, Suren"]
[Black "Toure, Vasanth"]
[Result "1-0"]
[WhiteTitle "FM"]
[WhiteElo "2275"]
[BlackElo "2132"]
[WhiteFideId "13303201"]
[BlackFideId "26014580"]
[EventDate "2020.05.25"]

1. d4 d5 2. c4 e6 3. Nc3 a6 4. cxd5 exd5 5. Nf3 c6 6. Qc2 Bd6 7. Bg5 Ne7 8. e3
h6 9. Bh4 g5 10. Bg3 Bf5 11. Bd3 Bxd3 12. Qxd3 Bxg3 13. hxg3 Qd6 14. Nxg5 Ng6
15. Nf3 Nd7 16. O-O-O O-O-O 17. Nh4 h5 18. Qf5 Kc7 19. Ne2 Nb6 20. Qxf7+ Rd7 21.
Qxg6 Qb4 22. Qc2 Nc4 23. Nc3 Rf7 24. Nf3 Re8 25. Ne5 Nxe5 26. Nxd5+ 1-0

[Event "Euro Online U2300 Day 1"]
[Site "chess.com INT"]
[Date "2020.05.25"]
[Round "5"]
[White "Petricek, Lukas"]
[Black "Kudrytskyi, Stanislav"]
[Result "0-1"]
[WhiteElo "2096"]
[BlackElo "2057"]
[WhiteFideId "23703318"]
[BlackFideId "14133091"]
[EventDate "2020.05.25"]

1. e4 d6 2. d4 Nf6 3. Nc3 e5 4. Nf3 Nbd7 5. Bc4 Be7 6. a4 O-O 7. O-O c6 8. h3 b6
9. Be3 Bb7 10. Qd2 a6 11. Rfd1 Qc7 12. d5 Nc5 13. Bxc5 bxc5 14. Nxe5 cxd5 15.
exd5 dxe5 16. d6 Qc6 17. f4 Bxd6 18. Nd5 Nxd5 19. Bxd5 Qxd5 0-1

[Event "Euro Online U2300 Day 1"]
[Site "chess.com INT"]
[Date "2020.05.25"]
[Round "5"]
[White "Linnanen, Lassi"]
[Black "Usanov, Maxim"]
[Result "0-1"]
[WhiteElo "2185"]
[BlackElo "2093"]
[WhiteFideId "500976"]
[BlackFideId "14112728"]
[EventDate "2020.05.25"]

1. e4 c5 2. Nf3 Nf6 3. Nc3 Nc6 4. d4 d5 5. e5 Ne4 6. Bb5 Nxc3 7. bxc3 cxd4 8.
Bxc6+ bxc6 9. cxd4 Ba6 10. Nd2 Qa5 11. Bb2 e6 12. c3 Rb8 13. Nb3 Qb5 14. f4 c5
15. Bc1 cxd4 16. Nxd4 Qc4 17. Bd2 Bc5 18. Ne2 Qe4 19. Rf1 Qxg2 0-1

[Event "Euro Online U2300 Day 1"]
[Site "chess.com INT"]
[Date "2020.05.25"]
[Round "5"]
[White "Ragnarsson, Johann"]
[Black "Kovacevic, Krsto"]
[Result "1-0"]
[WhiteElo "1956"]
[BlackElo "2117"]
[WhiteFideId "2301040"]
[BlackFideId "14519739"]
[EventDate "2020.05.25"]

1. d4 Nf6 2. Bg5 d5 3. Nd2 h6 4. Bh4 g5 5. Bg3 Bg7 6. e3 c6 7. Bd3 h5 8. h4 g4
9. Ne2 Bd7 10. c3 Qc8 11. Qc2 a5 12. O-O Na6 13. e4 dxe4 14. Nxe4 Nxe4 15. Bxe4
Be6 16. Nf4 Bc4 17. Rfe1 Nc7 18. b3 Bd5 19. Bd3 Qd7 20. Rad1 Ne6 21. Bf5 1-0

[Event "Euro Online U2300 Day 1"]
[Site "chess.com INT"]
[Date "2020.05.25"]
[Round "5"]
[White "Tsomaia, Nikoloz"]
[Black "Protopopova, Anastasiya"]
[Result "1-0"]
[BlackTitle "WFM"]
[WhiteElo "2240"]
[BlackElo "2192"]
[WhiteFideId "13611518"]
[BlackFideId "24172073"]
[EventDate "2020.05.25"]

1. e4 c5 2. Nc3 d6 3. f4 Nc6 4. Nf3 g6 5. Bc4 Bg7 6. O-O e6 7. d4 Nxd4 8. Be3
Nxf3+ 9. Qxf3 Ne7 10. f5 gxf5 11. exf5 Nxf5 12. g4 Rg8 13. Kh1 Bxc3 14. gxf5 d5
15. Bb5+ Bd7 16. fxe6 1-0

[Event "Euro Online U2300 Day 1"]
[Site "chess.com INT"]
[Date "2020.05.25"]
[Round "5"]
[White "Chertkov, Maksim"]
[Black "Brehovsky, Paul"]
[Result "0-1"]
[WhiteElo "1972"]
[BlackElo "2149"]
[WhiteFideId "54145481"]
[BlackFideId "1616463"]
[EventDate "2020.05.25"]

1. e4 e6 2. d4 d5 3. Nd2 Nf6 4. e5 Nfd7 5. Bd3 c5 6. c3 Nc6 7. Ne2 cxd4 8. cxd4
f6 9. exf6 Qxf6 10. Nf1 Bd6 11. Ne3 O-O 12. O-O Nb6 13. a3 e5 14. dxe5 Bxe5 15.
Nxd5 Nxd5 16. Bc4 Bxh2+ 17. Kh1 Qh4 18. Qxd5+ Kh8 19. Bg5 Qh5 20. Be3 Be5+ 21.
Kg1 Qh2# 0-1

[Event "Euro Online U2300 Day 1"]
[Site "chess.com INT"]
[Date "2020.05.25"]
[Round "5"]
[White "Spyropoulos, Nikolaos"]
[Black "Patrelakis, Evaggelos"]
[Result "1/2-1/2"]
[WhiteTitle "FM"]
[WhiteElo "2403"]
[BlackElo "2259"]
[WhiteFideId "4298977"]
[BlackFideId "4295102"]
[EventDate "2020.05.25"]

1. Nf3 Nf6 2. g3 g6 3. Bg2 Bg7 4. O-O O-O 5. b3 b6 6. Bb2 Bb7 7. c4 d5 8. cxd5
Bxd5 9. Nc3 Bb7 10. d4 Nbd7 11. Rc1 c5 12. dxc5 Nxc5 13. Qxd8 Rfxd8 14. Rfd1 Ne8
15. Rxd8 Rxd8 16. Rd1 Rxd1+ 17. Nxd1 Bxb2 18. Nxb2 Nd6 19. Ne5 Bxg2 20. Kxg2 Kf8
21. f3 e6 22. Kf2 a5 23. Nbc4 Nxc4 24. Nxc4 Nd7 25. e4 e5 26. Ke3 Ke7 27. Kd3 f6
28. Ne3 Kd6 29. Kc4 Kc6 30. a4 h5 1/2-1/2

[Event "Euro Online U2300 Day 1"]
[Site "chess.com INT"]
[Date "2020.05.25"]
[Round "5"]
[White "Green, Golan"]
[Black "Berke, Ana"]
[Result "1-0"]
[BlackTitle "WIM"]
[WhiteElo "2211"]
[BlackElo "2090"]
[WhiteFideId "2803984"]
[BlackFideId "14510359"]
[EventDate "2020.05.25"]

1. c4 c5 2. Nc3 Nc6 3. g3 g6 4. Bg2 Bg7 5. Nf3 e5 6. O-O Nge7 7. d3 d6 8. a3 a5
9. Ne1 Be6 10. Nc2 d5 11. cxd5 Nxd5 12. Ne3 Nxe3 13. Bxe3 Nd4 14. Bxd4 cxd4 15.
Na4 Rb8 16. Nc5 Bd5 17. Qa4+ b5 18. Qc2 O-O 19. b4 Bxg2 20. Kxg2 Qd5+ 21. f3
Rfc8 22. Qa2 Qxa2 23. Rxa2 Bf8 24. Nd7 Ra8 25. Nb6 axb4 26. Nxc8 bxa3 27. Nb6
Rb8 28. Nd7 Ra8 29. Nxf8 Kxf8 30. Rb1 Ra5 31. Rb3 1-0

[Event "Euro Online U2300 Day 1"]
[Site "chess.com INT"]
[Date "2020.05.25"]
[Round "5"]
[White "Delaney, Killian"]
[Black "Rzayev, Askar Aliakbar"]
[Result "0-1"]
[WhiteTitle "FM"]
[WhiteElo "2314"]
[BlackElo "2129"]
[WhiteFideId "2501570"]
[BlackFideId "13405039"]
[EventDate "2020.05.25"]

1. e4 e6 2. d4 d5 3. Nd2 c5 4. exd5 Qxd5 5. Ngf3 cxd4 6. Bc4 Qd7 7. O-O Nc6 8.
Nb3 Nf6 9. Nbxd4 Nxd4 10. Nxd4 a6 11. Re1 b5 12. Bb3 Bb7 13. Bg5 Ne4 14. Bh4 g5
15. Bg3 Nxg3 16. hxg3 O-O-O 17. c3 h5 18. Rxe6 fxe6 19. Bxe6 Qxe6 20. Nxe6 Rxd1+
21. Rxd1 Be7 0-1

[Event "Euro Online U2300 Day 1"]
[Site "chess.com INT"]
[Date "2020.05.25"]
[Round "5"]
[White "Kryger, Oksana"]
[Black "Pala, Giorgio"]
[Result "1-0"]
[WhiteTitle "WIM"]
[WhiteElo "2107"]
[BlackElo "1998"]
[WhiteFideId "1404695"]
[BlackFideId "852406"]
[EventDate "2020.05.25"]

1. d4 f5 2. g3 Nf6 3. Bg2 e6 4. Nf3 Be7 5. c4 O-O 6. O-O d6 7. b3 Ne4 8. Nbd2
Bf6 9. Bb2 Nxd2 10. Qxd2 Nc6 11. Rad1 Qe8 12. d5 Ne5 13. dxe6 Rb8 14. Nd4 g6 15.
Nb5 Nc6 16. Nxc7 1-0

[Event "Euro Online U2300 Day 1"]
[Site "chess.com INT"]
[Date "2020.05.25"]
[Round "5"]
[White "Dalkowski, Rafal"]
[Black "Tsybulkin, Ivan"]
[Result "0-1"]
[WhiteElo "1877"]
[BlackElo "1814"]
[WhiteFideId "21862460"]
[BlackFideId "34165140"]
[EventDate "2020.05.25"]

1. d4 d5 2. c4 dxc4 3. Nc3 a6 4. a4 Nc6 5. e3 Na5 6. Nf3 Nf6 7. Be2 c5 8. O-O
cxd4 9. exd4 e6 10. Bg5 Be7 11. Ne5 Nb3 12. Rb1 Nxd4 13. Bxc4 O-O 14. Qc1 h6 15.
Be3 Nf5 16. Rd1 Qc7 17. Bf4 Bd6 18. Nd3 Qxc4 19. Bxd6 Nxd6 20. Ne5 Qc7 21. Qf4
b6 22. Rbc1 Nc4 23. Qxc4 Qxe5 24. Qc6 Rb8 25. h3 Bb7 26. Qc4 Nd5 27. Re1 Qg5 28.
f3 Nf4 29. Qf1 Nxh3+ 30. Kh2 Nf4 31. g3 Qh5+ 32. Kg1 Nh3+ 33. Kg2 Rfd8 34. Ne4
Bxe4 35. fxe4 Rd2+ 36. Kh1 Nf4+ 37. Kg1 Qh2# 0-1

[Event "Euro Online U2300 Day 1"]
[Site "chess.com INT"]
[Date "2020.05.25"]
[Round "5"]
[White "Salna, Aleksandras"]
[Black "Gitu, Paula-Alexandra"]
[Result "1-0"]
[BlackTitle "WFM"]
[WhiteElo "2063"]
[BlackElo "2113"]
[WhiteFideId "12807575"]
[BlackFideId "13904620"]
[EventDate "2020.05.25"]

1. d4 d6 2. c4 e5 3. Nf3 e4 4. Ng5 f5 5. g3 Nf6 6. Bg2 Be7 7. O-O c6 8. Nc3 O-O
9. d5 h6 10. Nh3 Nbd7 11. f3 exf3 12. exf3 Ne5 13. b3 c5 14. Re1 Nh7 15. Bb2 Bf6
16. Nf4 Bg5 17. Ne6 Bxe6 18. dxe6 Be7 19. f4 Nc6 20. Qd3 Qc7 21. Nd5 Qd8 22.
Rad1 Nb4 23. Nxe7+ Qxe7 24. Qxd6 Rfe8 25. Qe5 Nf6 26. Qxf5 Rad8 27. Bxf6 1-0

[Event "Euro Online U2300 Day 1"]
[Site "chess.com INT"]
[Date "2020.05.25"]
[Round "5"]
[White "Eminov, Orkhan"]
[Black "Grineva, Marianna"]
[Result "1-0"]
[WhiteTitle "FM"]
[BlackTitle "WFM"]
[WhiteElo "2327"]
[BlackElo "2002"]
[WhiteFideId "13402153"]
[BlackFideId "14102013"]
[EventDate "2020.05.25"]

1. e4 d6 2. d4 Nf6 3. Nc3 g6 4. f3 a6 5. Be3 b5 6. Qd2 Bb7 7. O-O-O Nbd7 8. Kb1
e5 9. g4 Qe7 10. h4 exd4 11. Bxd4 Ne5 12. g5 Nh5 13. f4 Ng3 14. fxe5 dxe5 15.
Bxe5 Nxf1 16. Qd3 Rd8 17. Qxd8+ Qxd8 18. Rxd8+ Kxd8 19. Bxh8 Ng3 20. Rh3 Nxe4
21. Nxe4 Bxe4 22. Bf6+ Kd7 23. Re3 Bf5 24. Nf3 Bc5 25. Bd4 Bd6 26. Ne5+ Ke6 27.
Nc4+ Kd5 28. Nxd6 Kxd4 29. Nxf5+ gxf5 30. Re7 1-0

[Event "Euro Online U2300 Day 1"]
[Site "chess.com INT"]
[Date "2020.05.25"]
[Round "5"]
[White "Suleymanli, Aydin"]
[Black "Kaliszuk, Kamil"]
[Result "1-0"]
[WhiteTitle "IM"]
[WhiteElo "2512"]
[BlackElo "1930"]
[WhiteFideId "13413937"]
[BlackFideId "21870160"]
[EventDate "2020.05.25"]

1. d4 d5 2. c4 e6 3. Nc3 Nf6 4. Bg5 Be7 5. cxd5 exd5 6. e3 c6 7. Qc2 Nbd7 8. Bd3
h6 9. Bh4 Nh5 10. Bxe7 Qxe7 11. Nge2 Nb6 12. Qb3 Be6 13. h3 g6 14. a4 Ng7 15.
Nf4 Bf5 16. Bxf5 Nxf5 17. a5 Nc4 18. Ncxd5 cxd5 19. Nxd5 Qd6 20. Qxc4 O-O 21.
Nc3 Rac8 22. Qd3 Rfe8 23. O-O Nh4 24. e4 Rcd8 25. Rad1 g5 26. g3 Qxd4 27. Qe2
Qe5 28. gxh4 Qe6 29. Qg4 1-0

[Event "Euro Online U2300 Day 1"]
[Site "chess.com INT"]
[Date "2020.05.25"]
[Round "5"]
[White "Yanev, Pavel"]
[Black "Lauda, Alexandr"]
[Result "1-0"]
[WhiteElo "2267"]
[BlackElo "1984"]
[WhiteFideId "2910756"]
[BlackFideId "13903179"]
[EventDate "2020.05.25"]

1. e4 c5 2. Nf3 Nc6 3. d4 cxd4 4. Nxd4 e5 5. Nf5 d5 6. Qxd5 Qxd5 7. exd5 Bxf5 8.
dxc6 bxc6 9. Bd3 Bxd3 10. cxd3 O-O-O 11. Ke2 f5 12. Be3 Kb7 13. Rc1 Nf6 14. Nd2
Nd5 15. Nb3 Nxe3 16. fxe3 Kb6 17. Rc4 Be7 18. Rac1 Rc8 19. a4 a5 20. d4 Bf6 21.
d5 Rhd8 22. Rxc6+ Rxc6 23. Rxc6+ Ka7 24. d6 e4 25. Nc5 Bxb2 26. Ra6+ Kb8 27.
Rb6+ Kc8 28. d7+ Kc7 29. Rxb2 Kc6 30. Rb5 g5 31. g3 f4 32. exf4 gxf4 33. gxf4 h5
34. Ke3 h4 35. Kxe4 h3 36. Rxa5 Kb6 37. Kd5 Rg8 38. Ne6 Kb7 39. Rb5+ Ka7 40. Kc6
Rc8+ 41. Nc7 Rh8 42. Rb7# 1-0

[Event "Euro Online U2300 Day 1"]
[Site "chess.com INT"]
[Date "2020.05.25"]
[Round "5"]
[White "Lystsov, Leonid"]
[Black "Puzyrevsky, Semen"]
[Result "1-0"]
[WhiteTitle "CM"]
[WhiteElo "2038"]
[BlackElo "1667"]
[WhiteFideId "44173873"]
[BlackFideId "24240931"]
[EventDate "2020.05.25"]

1. Nf3 g6 2. g3 Bg7 3. Bg2 d6 4. O-O e5 5. c4 f5 6. Nc3 Nf6 7. d3 O-O 8. Rb1 c6
9. b4 Qe8 10. b5 h6 11. bxc6 bxc6 12. Ba3 Qe6 13. Qa4 Bd7 14. Nd2 g5 15. Rb7 Qf7
16. Bxd6 Rd8 17. Rfb1 c5 18. Qa5 Qe8 19. Qxc5 Nc6 20. Rxd7 Nxd7 21. Qxc6 Rac8
22. Qa4 Qh5 23. Rb7 Nf6 24. Bxe5 Re8 25. Bxf6 Bxf6 26. Nd5 Qg6 27. Qa6 Rf8 28.
Ne7+ 1-0

[Event "Euro Online U2300 Day 1"]
[Site "chess.com INT"]
[Date "2020.05.25"]
[Round "5"]
[White "Garcia Dorado, Alberto"]
[Black "Vukovic, Nikola"]
[Result "0-1"]
[WhiteTitle "CM"]
[WhiteElo "2175"]
[BlackElo "2150"]
[WhiteFideId "2252244"]
[BlackFideId "14508907"]
[EventDate "2020.05.25"]

1. d4 Nf6 2. c4 g6 3. Nf3 Bg7 4. g3 O-O 5. Bg2 d6 6. O-O c6 7. Nc3 Qb6 8. h3 Qa6
9. Qd3 d5 10. Ne5 Bf5 11. e4 dxe4 12. Qe2 Nfd7 13. Nxd7 Nxd7 14. g4 Be6 15. d5
cxd5 16. cxd5 Qxe2 17. Nxe2 Bxd5 18. Rd1 Bc6 19. Bxe4 Bxe4 20. Rxd7 Rfd8 21.
Rxe7 Rd1+ 22. Kh2 Bc6 23. Nc3 Rh1+ 24. Kg3 Bf8 25. Re2 Bd6+ 26. f4 g5 27. Ne4
Rxc1 28. Nf6+ Kh8 0-1